000 00355cam a22001097a 4500
008 180718b1960 xxu||||| |||| 00| 0 eng d
082 _aT31x42 Un3/GL
100 _aFay, E.S.
245 _aInvestigation into the affairs of general , London & Urban properties limited
_cby E.S. Fay
260 _aLondon
_bHer Majesty's Stationery Office
_c1960
300 _a94+p
999 _c423329
_d423329